Principles of management: (Record no. 32877)

MARC details
000 -LEADER
fixed length control field 00907cam a2200265 4500
001 - CONTROL NUMBER
control field 779333
003 - CONTROL NUMBER IDENTIFIER
control field OSt
005 - DATE AND TIME OF LATEST TRANSACTION
control field 20220315115622.0
008 - FIXED-LENGTH DATA ELEMENTS--GENERAL INFORMATION
fixed length control field 730727s1974 nyua bp 001 0 eng
010 ## - LIBRARY OF CONGRESS CONTROL NUMBER
LC control number 73012765
020 ## - INTERNATIONAL STANDARD BOOK NUMBER
International Standard Book Number 0070334501
-- 007033451X (pbk.)
040 ## - CATALOGING SOURCE
Original cataloging agency DLC
Transcribing agency HU
Modifying agency DLC
050 00 - LIBRARY OF CONGRESS CALL NUMBER
Classification number HD31
Item number .K36 1974
082 00 - DEWEY DECIMAL CLASSIFICATION NUMBER
Classification number 658.4/007/7
100 1# - MAIN ENTRY--PERSONAL NAME
Personal name Kazmier, Leonard J.
9 (RLIN) 33058
245 10 - TITLE STATEMENT
Title Principles of management:
Remainder of title a programmed-instructional approach
Statement of responsibility, etc. [by] Leonard J. Kazmier.
250 ## - EDITION STATEMENT
Edition statement 3d ed.
260 ## - PUBLICATION, DISTRIBUTION, ETC.
Place of publication, distribution, etc. New York,
Name of publisher, distributor, etc. McGraw-Hill
Date of publication, distribution, etc. [1974]
300 ## - PHYSICAL DESCRIPTION
Extent xxii, 519 p.
Other physical details illus.
Dimensions 23 cm.
500 ## - GENERAL NOTE
General note Fourth ed. published in 1980 under title: Management, a programmed approach with cases and applications.
504 ## - BIBLIOGRAPHY, ETC. NOTE
Bibliography, etc. note Includes bibliographies.
650 #0 - SUBJECT ADDED ENTRY--TOPICAL TERM
Topical term or geographic name entry element Management
General subdivision Programmed instruction.
9 (RLIN) 33059
906 ## - LOCAL DATA ELEMENT F, LDF (RLIN)
a 7
b cbc
c orignew
d 1
e ocip
f 19
g y-gencatlg
942 ## - ADDED ENTRY ELEMENTS (KOHA)
Source of classification or shelving scheme Dewey Decimal Classification
Koha item type Books like text book referance book
Suppress in OPAC No
Holdings
Withdrawn status Lost status Source of classification or shelving scheme Damaged status Not for loan Collection code Home library Current library Shelving location Date acquired Total Checkouts Full call number Barcode Date last seen Copy number Price effective from Koha item type
    Dewey Decimal Classification Damaged   Reference Wondo Genet Library Wondo Genet Library General Stacks 03/15/2022   658.4`007`7 KAZ 1974 WGCFNRL00013356 03/15/2022 1 03/15/2022 Books like text book referance book